[Event "AUTO-INT-3503"]
[Site "http://www.queenalice.com/game.php?id=1600052"]
[Date "2020.2.19"]
[Round "1"]
[White "SunKite"]
[Black "BobFish"]
[Result "1-0"]
[WhiteElo "1489"]
[BlackElo "1651"]

1. e4 c5 2. Bc4 e6 3. e5 f6 4. exf6 gxf6 5. f4 d5 6. Be2 Nc6 7. c3 Nge7 8. g4
Ng6 9. Nh3 h5 10. gxh5 Nh4 11. Rg1 e5 12. Bg4 c4 13. a3 e4 14. b4 1-0

[Event "AUTO-INT-3503"]
[Site "http://www.queenalice.com/game.php?id=1600053"]
[Date "2020.2.19"]
[Round "1"]
[White "BobFish"]
[Black "SunKite"]
[Result "0-1"]
[WhiteElo "1676"]
[BlackElo "1448"]

1. e4 e5 2. Nf3 Qf6 3. Bc4 a6 4. Nc3 c6 5. d3 b5 6. Bg5 Qg6 7. Bb3 h6 8. Nxe5
Qxg5 9. Qf3 Qf6 10. Bxf7+ Kd8 11. Ng6 Rh7 12. Bxg8 Qxg6 13. Qxf8+ Kc7 0-1

[Event "AUTO-INT-3503"]
[Site "http://www.queenalice.com/game.php?id=1600060"]
[Date "2020.2.19"]
[Round "1"]
[White "BobFish"]
[Black "balu"]
[Result "0-1"]
[WhiteElo "1552"]
[BlackElo "1732"]

1. e4 e5 2. Nc3 Nf6 3. Nf3 Nc6 4. Bc4 h6 5. d4 d6 6. dxe5 dxe5 7. O-O Qxd1 8.
Rxd1 Bg4 9. h3 Bxf3 10. gxf3 Nd4 11. f4 Nf3+ 12. Kg2 Nh4+ 13. Kg3 Ng6 14. f5 Nf4
15. Nb5 Bd6 16. Kf3 O-O 17. Bxf4 exf4 18. Nxd6 cxd6 19. Rxd6 a6 20. e5 Ne8 21.
Rd7 Kh8 22. Rad1 g5 0-1

[Event "AUTO-INT-3503"]
[Site "http://www.queenalice.com/game.php?id=1600061"]
[Date "2020.2.19"]
[Round "1"]
[White "balu"]
[Black "BobFish"]
[Result "1-0"]
[WhiteElo "1741"]
[BlackElo "1543"]

1. e4 c5 2. Bc4 e6 3. Nf3 d5 4. exd5 exd5 5. Bb5+ Nc6 6. Qe2+ Be7 7. h3 Nf6 8.
Ne5 Qc7 9. O-O Be6 10. Nxc6 bxc6 11. Ba4 Bd6 12. Nc3 O-O 13. d3 Rfe8 14. Qf3
Rab8 15. Bg5 Be5 16. Bxf6 Bxf6 17. Bb3 Bxc3 18. bxc3 c4 19. dxc4 dxc4 20. Ba4
Bd5 21. Qg3 Qa5 22. Bb3 Qb6 23. Ba4 1-0

[Event "AUTO-OPEN-4138"]
[Site "http://www.queenalice.com/game.php?id=1600127"]
[Date "2020.2.20"]
[Round "1"]
[White "AsterixTwin"]
[Black "BobFish"]
[Result "1-0"]
[WhiteElo "2440"]
[BlackElo "1613"]

1. e4 c5 2. Nf3 e6 3. d4 cxd4 4. Nxd4 Nc6 5. Nc3 Nf6 6. Ndb5 d6 7. Bf4 e5 8. Bg5
a6 9. Na3 Be7 10. Nc4 Bg4 11. f3 Be6 12. Bxf6 Bxf6 13. Qxd6 Bh4+ 14. g3 Be7 15.
Qxd8+ Rxd8 16. Bd3 Nd4 17. O-O-O 1-0

[Event "AUTO-OPEN-4138"]
[Site "http://www.queenalice.com/game.php?id=1600128"]
[Date "2020.2.20"]
[Round "1"]
[White "BobFish"]
[Black "AsterixTwin"]
[Result "0-1"]
[WhiteElo "1611"]
[BlackElo "2441"]

1. e4 c5 2. Nc3 Nc6 3. Nf3 d6 4. d4 cxd4 5. Nxd4 Nf6 6. Bg5 e6 7. Qd3 Be7 8.
O-O-O O-O 9. f4 Qa5 10. Nb3 Qb6 11. Qg3 Kh8 12. Bxf6 gxf6 13. Be2 Bd7 14. Qh3
Rac8 15. Rd3 Rg8 16. a3 Na5 17. Nd2 Nc4 0-1

[Event "AUTO-OPEN-4138"]
[Site "http://www.queenalice.com/game.php?id=1600151"]
[Date "2020.2.20"]
[Round "1"]
[White "BobFish"]
[Black "ArmandoFerreira"]
[Result "0-1"]
[WhiteElo "1683"]
[BlackElo "2819"]

1. e4 e6 2. d4 d5 3. e5 c5 4. c3 Bd7 5. Nf3 Nc6 6. a3 Qc7 7. Bd3 f6 8. Nbd2 fxe5
9. Nxe5 Nxe5 10. dxe5 Qxe5+ 11. Qe2 Qxe2+ 12. Bxe2 Nf6 13. c4 a5 14. a4 Bc6 15.
Bd3 d4 16. O-O g5 0-1

[Event "AUTO-OPEN-4138"]
[Site "http://www.queenalice.com/game.php?id=1600152"]
[Date "2020.2.20"]
[Round "1"]
[White "ArmandoFerreira"]
[Black "BobFish"]
[Result "1-0"]
[WhiteElo "2820"]
[BlackElo "1681"]

1. e4 c5 2. Nf3 e6 3. Nc3 Nc6 4. Bb5 Nge7 5. d4 Nxd4 6. Nxd4 cxd4 7. Qxd4 a6 8.
Be2 Nc6 9. Qe3 Bd6 10. Bd2 O-O 11. O-O-O b5 12. f4 Qc7 13. e5 Be7 14. Ne4 Bb7
15. Bd3 Nb4 16. Bxb4 1-0

[Event "AUTO-INT-3520"]
[Site "http://www.queenalice.com/game.php?id=1606376"]
[Date "2020.4.7"]
[Round "1"]
[White "ggteste1"]
[Black "BobFish"]
[Result "1-0"]
[WhiteElo "1831"]
[BlackElo "1621"]

1. e4 c5 2. c4 d6 3. Nc3 Nc6 4. Nf3 e5 5. Be2 f5 6. O-O Be7 7. h3 Nf6 8. b3 Nxe4
9. Bb2 O-O 10. d3 Nxc3 11. Bxc3 Be6 12. a4 Bf6 13. Qd2 Qb6 14. Rab1 a5 15. Kh1
d5 16. Rfe1 d4 17. Ba1 Nb4 18. Bf1 Qc7 19. g3 Bf7 20. Be2 e4 21. dxe4 fxe4 22.
Nh4 1-0

[Event "AUTO-INT-3520"]
[Site "http://www.queenalice.com/game.php?id=1606377"]
[Date "2020.4.7"]
[Round "1"]
[White "BobFish"]
[Black "ggteste1"]
[Result "0-1"]
[WhiteElo "1629"]
[BlackElo "1823"]

1. e4 e5 2. Nf3 Nc6 3. Bc4 Bc5 4. d3 Nf6 5. O-O O-O 6. Re1 d6 7. c3 Ng4 8. Re2
h6 9. h3 Nf6 10. Nbd2 a6 11. a4 b6 12. b4 b5 13. axb5 Nxb4 14. cxb4 Bxb4 15.
bxa6 c5 16. Nf1 Qb6 17. Nh4 Bxa6 18. Rea2 Bc3 19. Rxa6 Rxa6 20. Rxa6 Qd8 21. Ne3
Bd4 22. Nhf5 Bxe3 23. Rxd6 Bxf2+ 24. Kxf2 Qc7 25. Rxf6 gxf6 0-1

[Event "Let's Play Chess!"]
[Site "http://www.queenalice.com/game.php?id=1606397"]
[Date "2020.4.8"]
[Round "-"]
[White "igorjava"]
[Black "BobFish"]
[Result "1-0"]
[WhiteElo "2014"]
[BlackElo "1609"]

1. e4 c5 2. Nf3 Nc6 3. d4 cxd4 4. Nxd4 Qc7 5. Nxc6 bxc6 6. Nc3 Rb8 7. a3 Nf6 8.
Bd3 d6 9. O-O e5 10. Kh1 Be7 11. f4 exf4 12. Bxf4 Rxb2 13. Bc1 Rb8 14. Bd2 Ng4
15. Bc4 1-0